[Event "Lisbon Portugal op"]
[Site "Lisbon"]
[Date "2018.02.04"]
[Round "4"]
[White "Martins, Andre Goncalo Gomes"]
[Black "Veiga, Jose Francisco RP"]
[Result "0-1"]
[WhiteElo "2068"]
[BlackElo "2320"]
[PlyCount "136"]
[EventDate "2018.02.03"]
[EventType "swiss"]
[EventRounds "9"]
[EventCountry "POR"]
[SourceTitle "CBM 182 Extra"]
[Source "ChessBase"]
[SourceDate "2018.02.23"]
[SourceVersion "1"]
[SourceVersionDate "2018.02.23"]
[SourceQuality "1"]

1. e4 c5 2. Nc3 Nc6 3. Bb5 Nd4 4. Nf3 Nxb5 5. Nxb5 d6 6. d4 a6 7. Nc3 cxd4 8. Qxd4 e5 9. Qd3 Nf6 10. Bg5 Be6 11. 0-0 Rc8 12. Nd5 Bxd5 13. exd5 Be7 14. Bxf6 Bxf6 15. c4 0-0 16. Rac1 Qb6 17. b3 Be7 18. Qe3 Qxe3 19. fxe3 f5 20. Rfe1 Bf6 21. Kf2 Rc7 22. Ke2 Rfc8 23. Rc2 b5 24. Rec1 b4 25. a4 g6 26. Rd1 Rc5 27. Rcd2 Rf8 28. Rf1 Bd8 29. g3 h6 30. Ne1 Bb6 31. Nd3 Rc7 32. a5 Bc5 33. Ra2 Kg7 34. Ra4 Rb8 35. Rd1 g5 36. Rf1 Kg6 37. h3 Rf7 38. Nxc5 dxc5 39. e4 f4 40. gxf4 exf4 41. Kf3 Kf6 42. Ra2 Ke5 43. Rd2 Rf6 44. Rfd1 Rd6 45. Rg1 Rg8 46. Kg4 Rd7 47. Kf3 h5 48. d6 Rxd6 49. Rxd6 Kxd6 50. h4 g4+ 51. Kxf4 Rf8+ 52. Kg5 Rg8+ 53. Kf6 Rf8+ 54. Kg5 Ke5 55. Kxh5 Rh8+ 56. Kg6 Rxh4 57. Kg5 Rh8 58. Rxg4 Rg8+ 59. Kh4 Rxg4+ 60. Kxg4 Kxe4 61. Kg5 Kd3 62. Kf5 Kc3 63. Ke5 Kxb3 64. Kd5 Kc3 65. Kxc5 b3 66. Kd5 b2 67. c5 b1Q 68. c6 Qb8 0-1

[Event "Caparica op 2nd"]
[Site "Caparica"]
[Date "2017.06.21"]
[Round "1"]
[White "Neves, Joao Gustavo Gomes"]
[Black "Martins, Andre Goncalo Gomes"]
[Result "0-1"]
[WhiteElo "1389"]
[BlackElo "2064"]
[PlyCount "64"]
[EventDate "2017.06.21"]
[EventType "swiss"]
[EventRounds "7"]
[EventCountry "POR"]
[SourceTitle "EXT 2018"]
[Source "ChessBase"]
[SourceDate "2017.10.13"]
[SourceVersion "1"]
[SourceVersionDate "2017.10.13"]
[SourceQuality "1"]

1. e4 g6 2. Nf3 Bg7 3. Bc4 e6 4. Nc3 Nc6 5. d4 d6 6. Bf4 Nge7 7. 0-0 0-0 8. Re1 d5 9. exd5 exd5 10. Bb3 Bg4 11. Bg5 f6 12. Be3 Na5 13. h3 Nxb3 14. axb3 Bd7 15. Bf4 Bc6 16. b4 a6 17. b5 Be8 18. bxa6 bxa6 19. Qe2 Nf5 20. Rxa6 Rxa6 21. Qxa6 c6 22. Qa7 g5 23. Qb8 Qd7 24. Bh2 Bh5 25. Qb6 Bxf3 26. g4 Nh4 27. Re3 h5 28. Bg3 hxg4 29. Bxh4 gxh4 30. Kh2 Bh6 31. Rd3 Bf4+ 32. Kg1 Re8 0-1

[Event "Portugal op"]
[Site "Oeiras"]
[Date "2015.09.05"]
[Round "9"]
[White "Martins, Andre Goncalo Gomes"]
[Black "Romano, Joao Manuel Pereira"]
[Result "1-0"]
[WhiteElo "2009"]
[BlackElo "1775"]
[PlyCount "49"]
[EventDate "2015.08.30"]
[EventType "swiss"]
[EventRounds "9"]
[EventCountry "POR"]
[SourceTitle "EXT 2016"]
[Source "ChessBase"]
[SourceDate "2015.10.08"]
[SourceVersion "1"]
[SourceVersionDate "2015.10.08"]
[SourceQuality "1"]

1. Nf3 g6 2. g3 Bg7 3. Bg2 e5 4. e4 Nc6 5. 0-0 Nge7 6. d3 d5 7. exd5 Nxd5 8. Bg5 f6 9. Bd2 0-0 10. Nc3 Be6 11. Ne4 Bf7 12. Qc1 Nd4 13. Nxd4 exd4 14. Bh6 Rc8 15. Bxg7 Kxg7 16. Bh3 Rb8 17. Qd2 Re8 18. Rfe1 b6 19. c4 Ne7 20. Re2 Nc6 21. Rae1 Ne5 22. Ng5 Qd6 23. f4 Nxc4 24. Nxf7 Rxe2 25. Qxe2 1-0

[Event "Portugal op"]
[Site "Oeiras"]
[Date "2015.08.30"]
[Round "1"]
[White "Martins, Andre Goncalo Gomes"]
[Black "Dias, Paulo Jorge Guimara"]
[Result "0-1"]
[WhiteElo "2009"]
[BlackElo "2390"]
[PlyCount "96"]
[EventDate "2015.08.30"]
[EventType "swiss"]
[EventRounds "9"]
[EventCountry "POR"]
[SourceTitle "EXT 2016"]
[Source "ChessBase"]
[SourceDate "2015.10.08"]
[SourceVersion "1"]
[SourceVersionDate "2015.10.08"]
[SourceQuality "1"]

1. Nf3 d5 2. d4 Nf6 3. c4 e6 4. g3 dxc4 5. Bg2 c5 6. 0-0 Nc6 7. e3 cxd4 8. exd4 Nd5 9. Qa4 Nb6 10. Qc2 Bd7 11. Be3 Be7 12. Qe2 Rc8 13. Nbd2 0-0 14. Rfc1 Na5 15. Ne5 Bb5 16. Qh5 Nd5 17. Bf1 c3 18. bxc3 Bxf1 19. Nxf1 Ba3 20. Rc2 Rxc3 21. Rxc3 Nxc3 22. Nd7 Qxd7 23. Qxa5 Ne2+ 24. Kg2 Bb2 25. Rd1 Bc3 26. Qxa7 Qd5+ 27. f3 e5 28. Qa3 Nxd4 29. Bxd4 Bxd4 30. Qb3 Qxb3 31. axb3 Ra8 32. f4 f6 33. Kf3 Ra3 34. Rd3 Kf7 35. fxe5 fxe5 36. Nd2 Ke6 37. Ke4 Ra2 38. h3 b5 39. Kf3 Kd5 40. Ne4 b4 41. Nd2 Ra1 42. g4 e4+ 43. Nxe4 Rf1+ 44. Kg2 Kxe4 45. Rd2 Rg1+ 46. Kh2 Rb1 47. Re2+ Kf3 48. Rg2 Be5+ 0-1

[Event "Lisbon Check Mate op 3rd"]
[Site "Lisbon"]
[Date "2015.08.10"]
[Round "4"]
[White "Martins, Andre Goncalo Gomes"]
[Black "Guerreiro, Nuno M"]
[Result "0-1"]
[WhiteElo "2009"]
[BlackElo "2106"]
[PlyCount "98"]
[EventDate "2015.08.08"]
[EventType "swiss"]
[EventRounds "7"]
[EventCountry "POR"]
[SourceTitle "EXT 2017"]
[Source "ChessBase"]
[SourceDate "2016.10.25"]
[SourceVersion "1"]
[SourceVersionDate "2016.10.25"]
[SourceQuality "1"]

1. e4 Nc6 2. d4 d5 3. e5 f6 4. Nf3 Bg4 5. Bb5 fxe5 6. dxe5 a6 7. Bxc6+ bxc6 8. c3 Qd7 9. Nbd2 e6 10. Qa4 Bxf3 11. Nxf3 Ne7 12. h4 Nc8 13. Qg4 Qf7 14. Nd4 Kd7 15. Rh3 c5 16. Rf3 Qe8 17. Nb3 Nb6 18. Be3 Kc6 19. Na5+ Kd7 20. Rd1 Rg8 21. b4 h5 22. Qh3 cxb4 23. c4 b3 24. cxd5 Bb4+ 25. Bd2 Bxd2+ 26. Rxd2 bxa2 27. dxe6+ Ke7 28. Rxa2 Qb5 29. Rf7+ Ke8 30. Qf5 g6 31. Re7+ Kd8 32. Rd2+ Kc8 33. Rxc7+ Kxc7 34. Qf7+ Nd7 35. Rxd7+ Kb6 36. Rb7+ Kxa5 37. Qc7+ Ka4 38. Rxb5 axb5 39. Ke2 b4 40. e7 b3 41. Qc1 Rab8 42. Qa1+ Kb5 43. e6 Kc6 44. Qa4+ Kd6 45. Qd7+ Ke5 46. Qc7+ Kxe6 47. Qc6+ Kf7 48. Qd7 Rge8 49. Qd5+ Kxe7 0-1

[Event "Lisbon Check Mate op 3rd"]
[Site "Lisbon"]
[Date "2015.08.09"]
[Round "3"]
[White "Almeida, Diogo Antonio"]
[Black "Martins, Andre Goncalo Gomes"]
[Result "0-1"]
[WhiteElo "1346"]
[BlackElo "2009"]
[PlyCount "80"]
[EventDate "2015.08.08"]
[EventType "swiss"]
[EventRounds "7"]
[EventCountry "POR"]
[SourceTitle "EXT 2017"]
[Source "ChessBase"]
[SourceDate "2016.10.25"]
[SourceVersion "1"]
[SourceVersionDate "2016.10.25"]
[SourceQuality "1"]

1. d4 Nf6 2. c4 g6 3. Nc3 Bg7 4. Nf3 0-0 5. e4 d6 6. Be2 Nbd7 7. Bf4 e5 8. dxe5 dxe5 9. Be3 Re8 10. 0-0 c6 11. h3 Qe7 12. Qc2 Nh5 13. Rfd1 Nc5 14. b4 Ne6 15. a3 Nhf4 16. Rd2 g5 17. Rad1 h5 18. Nh2 Qf6 19. Rd6 Bf8 20. Bxf4 Bxd6 21. Rxd6 gxf4 22. Bxh5 Qg5 23. Be2 Nd4 24. Qd3 Re6 25. Rxe6 Bxe6 26. b5 Rd8 27. Nf3 Nxf3+ 28. Qxf3 Rd4 29. c5 Bc4 30. bxc6 bxc6 31. Nd1 Kg7 32. Nb2 Bxe2 33. Qxe2 f3 34. Qxf3 Qc1+ 35. Kh2 Qxb2 36. Qg4+ Kf8 37. Qc8+ Ke7 38. Qxc6 Rd7 39. Qa8 Qxf2 40. c6 Qf4+ 0-1

[Event "Lisbon Check Mate op 3rd"]
[Site "Lisbon"]
[Date "2015.08.08"]
[Round "1"]
[White "Martins, Abilio Morgado"]
[Black "Martins, Andre Goncalo Gomes"]
[Result "0-1"]
[WhiteElo "1524"]
[BlackElo "2009"]
[PlyCount "74"]
[EventDate "2015.08.08"]
[EventType "swiss"]
[EventRounds "7"]
[EventCountry "POR"]
[SourceTitle "EXT 2017"]
[Source "ChessBase"]
[SourceDate "2016.10.25"]
[SourceVersion "1"]
[SourceVersionDate "2016.10.25"]
[SourceQuality "1"]

1. d4 Nf6 2. Nf3 g6 3. c4 Bg7 4. Nc3 0-0 5. e4 d6 6. Be2 Nbd7 7. 0-0 e5 8. d5 Nc5 9. Bg5 h6 10. Bxf6 Qxf6 11. b4 Nd7 12. h3 Qe7 13. Nh2 f5 14. Bd3 Nf6 15. f3 Nh5 16. Qe1 Nf4 17. Qd2 Qg5 18. Kh1 Nxh3 19. Qxg5 Nxg5 20. a4 Nh7 21. Rac1 Nf6 22. b5 Nd7 23. Bc2 Nc5 24. Rfe1 h5 25. Re2 Bh6 26. Rd1 Bd7 27. Nf1 f4 28. Nd2 g5 29. Kh2 g4 30. Rh1 Kg7 31. Kg1 Kg6 32. Kf1 Bg5 33. Ke1 g3 34. Kd1 h4 35. Nf1 Rh8 36. Nd2 h3 37. Nf1 hxg2 0-1

[Event "Lisbon Christmas op"]
[Site "Lisbon"]
[Date "2014.12.30"]
[Round "8"]
[White "Lopez Mulet, Inigo"]
[Black "Martins, Andre Goncalo Gomes"]
[Result "1-0"]
[WhiteElo "2403"]
[BlackElo "1993"]
[PlyCount "83"]
[EventDate "2014.12.26"]
[EventType "swiss"]
[EventRounds "9"]
[EventCountry "POR"]
[SourceTitle "CBM 164 Extra"]
[Source "ChessBase"]
[SourceDate "2015.03.02"]
[SourceVersion "1"]
[SourceVersionDate "2015.03.02"]
[SourceQuality "1"]

1. d4 Nf6 2. c4 g6 3. f3 Bg7 4. e4 d6 5. Nc3 0-0 6. Be3 c5 7. Nge2 cxd4 8. Nxd4 Nc6 9. Nc2 Be6 10. Qd2 Rc8 11. Be2 Nd7 12. Bh6 Qa5 13. Bxg7 Kxg7 14. Ne3 a6 15. 0-0 Qc5 16. Rad1 Nde5 17. b3 b5 18. cxb5 axb5 19. Nxb5 Nb4 20. Nd4 Ra8 21. a4 Rfc8 22. f4 Nec6 23. f5 Bd7 24. Nxc6 Nxc6 25. Kh1 Rab8 26. Ng4 Ne5 27. f6+ Kf8 28. fxe7+ Kg8 29. Nf6+ Kg7 30. Nxd7 Nxd7 31. Qxd6 Qxd6 32. Rxd6 Ne5 33. Bb5 Rxb5 34. axb5 Re8 35. h3 Rxe7 36. b6 Nd7 37. Rc1 Nb8 38. Rc8 Na6 39. b7 Rxb7 40. Rxa6 Rxb3 41. Rc7 Rb2 42. e5 1-0

[Event "Coimbra op"]
[Site "Coimbra"]
[Date "2014.04.27"]
[Round "6"]
[White "Gomes, Hugo Antonio Alexan"]
[Black "Martins, Andre Goncalo Gomes"]
[Result "1-0"]
[WhiteElo "1590"]
[BlackElo "1955"]
[PlyCount "115"]
[EventDate "2014.04.25"]
[EventType "swiss"]
[EventRounds "7"]
[EventCountry "POR"]
[SourceTitle "CBM 160 Extra"]
[Source "ChessBase"]
[SourceDate "2014.07.01"]
[SourceVersion "1"]
[SourceVersionDate "2014.07.01"]
[SourceQuality "1"]

1. e4 d6 2. d4 Nf6 3. Nc3 g6 4. f4 Bg7 5. Nf3 0-0 6. Bd3 c5 7. d5 e6 8. dxe6 Bxe6 9. f5 Bc8 10. 0-0 Nc6 11. Qe1 Ne5 12. Qh4 Nfg4 13. Bg5 f6 14. Nxe5 Nxe5 15. Bh6 Bd7 16. Rae1 Bc6 17. Re3 Qe7 18. Bxg7 Qxg7 19. fxg6 hxg6 20. Nd5 Bxd5 21. exd5 Rae8 22. Bb5 Re7 23. Rfe1 a6 24. Bd3 Rfe8 25. Rf1 Rf8 26. Rfe1 b5 27. Qg3 f5 28. Rf1 c4 29. Be2 Rfe8 30. h4 Nf7 31. Rxe7 Rxe7 32. Bf3 Re3 33. c3 Kh7 34. Qf4 Qe5 35. g3 Re1 36. Kf2 Rxf1+ 37. Kxf1 Qxf4 38. gxf4 Nd8 39. b3 cxb3 40. axb3 Kg7 41. b4 Kf6 42. Kf2 Nf7 43. Be2 Ke7 44. c4 Nh6 45. cxb5 axb5 46. Bxb5 Kd8 47. Kg3 Ng4 48. Bc6 Nf6 49. Kf3 Kc7 50. Ke3 Kb6 51. Kf3 Ng8 52. Be8 Ne7 53. Kg3 Nxd5 54. Bxg6 Ne7 55. Bf7 Kc7 56. h5 Nc6 57. h6 Nd8 58. Bg8 1-0

[Event "Coimbra op"]
[Site "Coimbra"]
[Date "2014.04.26"]
[Round "4"]
[White "Bouxo, Luis Antonio Maxim"]
[Black "Martins, Andre Goncalo Gomes"]
[Result "0-1"]
[WhiteElo "1760"]
[BlackElo "1955"]
[PlyCount "58"]
[EventDate "2014.04.25"]
[EventType "swiss"]
[EventRounds "7"]
[EventCountry "POR"]
[SourceTitle "CBM 160 Extra"]
[Source "ChessBase"]
[SourceDate "2014.07.01"]
[SourceVersion "1"]
[SourceVersionDate "2014.07.01"]
[SourceQuality "1"]

1. d4 Nf6 2. c4 g6 3. Nf3 Bg7 4. Nc3 0-0 5. e4 d6 6. Be2 Nbd7 7. 0-0 e5 8. d5 Nc5 9. Qc2 a5 10. Be3 Qe7 11. Nd2 Ne8 12. f3 f5 13. a3 f4 14. Bf2 g5 15. b4 axb4 16. axb4 Rxa1 17. Rxa1 Na6 18. Qb2 Rf6 19. Na4 Rg6 20. c5 g4 21. g3 gxf3 22. Bxf3 Bh6 23. Ra3 fxg3 24. Bxg3 dxc5 25. bxc5 Nxc5 26. Qb4 b6 27. Nf1 Bf8 28. Nxc5 Qxc5+ 29. Qxc5 Bxc5+ 0-1

[Event "Coimbra op"]
[Site "Coimbra"]
[Date "2014.04.25"]
[Round "2"]
[White "Velicka, Petr"]
[Black "Martins, Andre Goncalo Gomes"]
[Result "1-0"]
[WhiteElo "2412"]
[BlackElo "1955"]
[PlyCount "37"]
[EventDate "2014.04.25"]
[EventType "swiss"]
[EventRounds "7"]
[EventCountry "POR"]
[SourceTitle "CBM 160 Extra"]
[Source "ChessBase"]
[SourceDate "2014.07.01"]
[SourceVersion "1"]
[SourceVersionDate "2014.07.01"]
[SourceQuality "1"]

1. e4 d6 2. d4 Nf6 3. Nc3 g6 4. Bf4 Bg7 5. Qd2 c6 6. Bh6 0-0 7. h4 Qa5 8. h5 Nxh5 9. Be2 Nd7 10. g4 Nhf6 11. Bxg7 Kxg7 12. Qh6+ Kg8 13. g5 e5 14. gxf6 Nxf6 15. dxe5 dxe5 16. Nf3 Bg4 17. Ng5 Bxe2 18. Nxh7 Ng4 19. Nf6+ 1-0

[Event "Barreiro op 2nd"]
[Site "Barreiro"]
[Date "2014.03.30"]
[Round "4"]
[White "Martins, Andre Goncalo Gomes"]
[Black "Diogo, Vasco Andre Marcalo"]
[Result "0-1"]
[WhiteElo "1941"]
[BlackElo "2269"]
[PlyCount "100"]
[EventDate "2014.03.28"]
[EventType "swiss"]
[EventRounds "7"]
[EventCountry "POR"]
[SourceTitle "EXT 2018"]
[Source "ChessBase"]
[SourceDate "2017.10.13"]
[SourceVersion "1"]
[SourceVersionDate "2017.10.13"]
[SourceQuality "1"]

1. Nf3 c5 2. g3 Nc6 3. Bg2 g6 4. 0-0 Bg7 5. d3 e5 6. c4 Nge7 7. Nc3 d6 8. a3 0-0 9. Bg5 f6 10. Bd2 Be6 11. Rb1 a5 12. Qa4 Qd7 13. Ne1 Rad8 14. Nc2 h5 15. Qb5 h4 16. Ne3 Bh6 17. Rfd1 hxg3 18. hxg3 Bxe3 19. Bxe3 Kg7 20. Nd5 Nf5 21. b4 axb4 22. axb4 Bxd5 23. Bxd5 Nxe3 24. fxe3 Nxb4 25. Qxb7 Qxb7 26. Bxb7 Rf7 27. Bf3 Re8 28. Rb2 Ra7 29. d4 e4 30. Bg2 f5 31. Rbd2 Kf6 32. g4 Ra3 33. gxf5 gxf5 34. dxc5 dxc5 35. Kf2 Rc3 36. Rd7 Rxc4 37. Rh1 Rc2 38. Rhh7 Nd3+ 39. Kg3 Rxe2 40. Bh3 Rxe3+ 41. Kh4 Ke5 42. Bxf5 Kxf5 43. Rh5+ Ke6 44. Rb7 Rh3+ 45. Kxh3 Nf4+ 46. Kg4 Nxh5 47. Rb6+ Kd5 48. Kxh5 e3 49. Rb1 e2 50. Re1 Kd4 0-1

[Event "Barreiro op 2nd"]
[Site "Barreiro"]
[Date "2014.03.29"]
[Round "3"]
[White "Bravo, Antonio Jose Vieira"]
[Black "Martins, Andre Goncalo Gomes"]
[Result "0-1"]
[WhiteElo "1851"]
[BlackElo "1941"]
[PlyCount "84"]
[EventDate "2014.03.28"]
[EventType "swiss"]
[EventRounds "7"]
[EventCountry "POR"]
[SourceTitle "EXT 2018"]
[Source "ChessBase"]
[SourceDate "2017.10.13"]
[SourceVersion "1"]
[SourceVersionDate "2017.10.13"]
[SourceQuality "1"]

1. e4 d6 2. d4 Nf6 3. Nc3 g6 4. Nf3 c6 5. Be2 Bg7 6. 0-0 0-0 7. h3 Nbd7 8. Re1 e5 9. a4 Qc7 10. a5 Re8 11. Bc4 exd4 12. Nxd4 Nc5 13. f3 Nfd7 14. Ndb5 cxb5 15. Nxb5 Qd8 16. Nxd6 Rf8 17. Nxf7 Rxf7 18. e5 Qh4 19. Bxf7+ Kxf7 20. Qd5+ Ne6 21. Re4 Qe7 22. Be3 Ndf8 23. b4 Ke8 24. Rd1 Qd7 25. c4 Qe7 26. c5 Nc7 27. Qd2 Nfe6 28. Bf2 Bd7 29. Qd6 Bc6 30. Rh4 h6 31. Qxe7+ Kxe7 32. f4 a6 33. Rg4 Kf7 34. Rh4 Nd5 35. Rf1 Ne7 36. g4 g5 37. fxg5 hxg5 38. Be3+ Kg6 39. Rh5 Nd5 40. Bd2 Bxe5 41. Rf5 Bf4 42. Bxf4 Ndxf4 0-1

[Event "Barreiro op 2nd"]
[Site "Barreiro"]
[Date "2014.03.29"]
[Round "2"]
[White "Martins, Andre Goncalo Gomes"]
[Black "Guerreiro, Nuno M"]
[Result "1/2-1/2"]
[WhiteElo "1941"]
[BlackElo "2178"]
[PlyCount "120"]
[EventDate "2014.03.28"]
[EventType "swiss"]
[EventRounds "7"]
[EventCountry "POR"]
[SourceTitle "EXT 2018"]
[Source "ChessBase"]
[SourceDate "2017.10.13"]
[SourceVersion "1"]
[SourceVersionDate "2017.10.13"]
[SourceQuality "1"]

1. c4 e5 2. Nc3 Nc6 3. g3 Bc5 4. Bg2 Nf6 5. a3 a6 6. e3 0-0 7. Nge2 Re8 8. d3 Ba7 9. b4 d6 10. 0-0 h6 11. Qb3 Ne7 12. Nd5 Nfxd5 13. cxd5 c6 14. Nc3 cxd5 15. Nxd5 Nxd5 16. Bxd5 Be6 17. Bb2 Qd7 18. Rfd1 Rac8 19. Rd2 Bxd5 20. Qxd5 Qc6 21. Qxc6 Rxc6 22. Kf1 f6 23. Rc1 Rxc1+ 24. Bxc1 Rc8 25. Bb2 Kf7 26. Ke2 Ke6 27. f3 h5 28. d4 d5 29. dxe5 fxe5 30. f4 Bb8 31. Kd3 e4+ 32. Ke2 g6 33. Bd4 Bd6 34. Kd1 Rc7 35. Rc2 Rc4 36. Rc3 Kf5 37. h3 g5 38. Ke2 g4 39. h4 Ke6 40. Kd2 b5 41. Rxc4 dxc4 42. Kc2 Be7 43. Bc3 Kf5 44. Kd1 Bd8 45. Ke2 Ke6 46. Kd1 Be7 47. Ke2 Bf8 48. Kd2 Kd5 49. Kc2 Bd6 50. Kd2 Bc7 51. Ke2 Bb6 52. Kd2 Bc7 53. Ke2 Ke6 54. Kd2 Kf5 55. Ke2 Bd8 56. Kf2 Ke6 57. Ke2 Kd5 58. Kf2 Be7 59. Ke2 Bd6 60. Kd2 Be7 1/2-1/2

[Event "POR-ch prel"]
[Site "Lisbon"]
[Date "2013.07.21"]
[Round "9.10"]
[White "Martins, Andre Goncalo Gomes"]
[Black "Pires, Gustavo"]
[Result "0-1"]
[WhiteElo "1896"]
[BlackElo "2149"]
[PlyCount "78"]
[EventDate "2013.07.15"]
[EventType "swiss"]
[EventRounds "9"]
[EventCountry "POR"]
[SourceTitle "EXT 2015"]
[Source "ChessBase"]
[SourceDate "2014.11.20"]
[SourceVersion "1"]
[SourceVersionDate "2014.11.20"]
[SourceQuality "1"]

1. Nf3 Nf6 2. g3 d5 3. Bg2 Bg4 4. h3 Bh5 5. 0-0 e6 6. d3 Be7 7. c4 c6 8. Nbd2 0-0 9. a3 Nbd7 10. b3 e5 11. Qc2 Re8 12. g4 Bg6 13. Nh4 Nf8 14. Bb2 Bd6 15. e3 h6 16. Nxg6 Nxg6 17. b4 Rc8 18. Rac1 Bb8 19. cxd5 Nxd5 20. b5 Nh4 21. Be4 h5 22. Qd1 Nf6 23. bxc6 Nxe4 24. Nxe4 hxg4 25. hxg4 bxc6 26. Qe2 Re6 27. f3 Rg6 28. Qh2 f5 29. Nc5 e4 30. Be5 Nxf3+ 31. Rxf3 exf3 32. Kf2 Rh6 33. Qf4 Bxe5 34. Qxe5 fxg4 35. Rg1 Qh4+ 36. Kf1 Qh3+ 37. Kf2 Qh4+ 38. Kf1 f2 39. Rg2 Rf8 0-1

[Event "POR-ch U20"]
[Site "Torres Vedras"]
[Date "2012.03.29"]
[Round "7.1"]
[White "Vasques, Antonio Pedro Freix"]
[Black "Martins, Andre Goncalo Gomes"]
[Result "1-0"]
[WhiteElo "2197"]
[BlackElo "1789"]
[PlyCount "37"]
[EventDate "2012.03.25"]
[EventType "swiss"]
[EventRounds "7"]
[EventCountry "POR"]
[SourceTitle "EXT 2015"]
[Source "ChessBase"]
[SourceDate "2014.11.20"]
[SourceVersion "1"]
[SourceVersionDate "2014.11.20"]
[SourceQuality "1"]

1. e4 c5 2. Nc3 Nc6 3. Bb5 d6 4. Bxc6+ bxc6 5. f4 Nf6 6. d3 g6 7. Nf3 Bg7 8. 0-0 0-0 9. Qe1 Rb8 10. Qh4 Ne8 11. f5 gxf5 12. Bh6 Nf6 13. Ng5 e5 14. exf5 d5 15. Rf3 Kh8 16. Rg3 Bxh6 17. Qxh6 Bxf5 18. Nxh7 Ng4 19. Rxg4 1-0

[Event "POR-ch U20"]
[Site "Torres Vedras"]
[Date "2012.03.27"]
[Round "4.2"]
[White "Santos, Hugo Lima"]
[Black "Martins, Andre Goncalo Gomes"]
[Result "1-0"]
[WhiteElo "2118"]
[BlackElo "1789"]
[PlyCount "163"]
[EventDate "2012.03.25"]
[EventType "swiss"]
[EventRounds "7"]
[EventCountry "POR"]
[SourceTitle "EXT 2015"]
[Source "ChessBase"]
[SourceDate "2014.11.20"]
[SourceVersion "1"]
[SourceVersionDate "2014.11.20"]
[SourceQuality "1"]

1. e4 d5 2. d3 dxe4 3. dxe4 Qxd1+ 4. Kxd1 Nc6 5. c3 Bg4+ 6. f3 0-0-0+ 7. Kc2 Bh5 8. Bb5 Nb8 9. Be3 a6 10. Bc4 e5 11. Nd2 Nd7 12. b4 Ngf6 13. h4 Bg6 14. a4 h5 15. Bg5 Nb6 16. Bd3 Be7 17. a5 Nbd7 18. Ne2 Rhe8 19. Rhb1 Ng8 20. Be3 Bxh4 21. b5 Nb8 22. bxa6 Nxa6 23. Rb2 Be7 24. Rab1 Nc5 25. Bxc5 Bxc5 26. Rxb7 Ne7 27. Rb8+ Kd7 28. Bb5+ c6 29. Rb7+ Ke6 30. Bc4+ Kf6 31. Nc1 Nd5 32. Nf1 Re7 33. R7b3 Ra7 34. a6 Ke7 35. Nd3 Ne3+ 36. Nxe3 Bxe3 37. Re1 Bg5 38. Rb6 Kd6 39. Rd1 Kc7 40. Rdb1 Kd6 41. Bd5 Rc8 42. Nb4 Rac7 43. Nxc6 Be3 44. Rb7 Rxc6 45. Bxc6 Kxc6 46. R7b5 f6 47. Rb8 Rc7 48. Kd3 Bc5 49. R8b7 Be8 50. Rxc7+ Kxc7 51. Rb7+ Kc8 52. Rxg7 Bb5+ 53. c4 Bxa6 54. Rf7 Kd8 55. Rxf6 Bc8 56. Rh6 Bd7 57. Rxh5 Bd6 58. Rh7 Ba4 59. Ra7 Bd7 60. Ra5 Bc7 61. Ra1 Bd6 62. g4 Ke7 63. Rc1 Bc5 64. Rh1 Be6 65. Rh5 Bd6 66. c5 Bb8 67. Rh1 Bd7 68. Rh7+ Ke6 69. Rh6+ Ke7 70. c6 Be6 71. g5 Bc7 72. g6 Bg8 73. Rh7+ Kd6 74. Rh8 Ba2 75. g7 Kxc6 76. g8Q Bxg8 77. Rxg8 Kd6 78. Kc4 Ke6 79. Rh8 Ba5 80. Rh6+ Kf7 81. Kd5 Bc3 82. Re6 1-0